Teoría de vibraciones: aplicaciones

Saved in:
Bibliografiske detaljer
Hovedforfatter: Thomson, William Thomas (Author)
Format: Bog
Sprog:spansk
Udgivet: Madrid Dossat 1983
Fag:
Tags: Tilføj Tag
Ingen Tags, Vær først til at tagge denne postø!

MARC

LEADER 00000nam a2200000 a 4500
001 UCV5679
003 CL-VaPUC
008 881109e19830000SP |||||||||||||||||spa|d
082 0 4 |a 531.32  |b THO  |2 21 
100 0 |a Thomson, William Thomas  |e author  |9 299963 
245 1 0 |a Teoría de vibraciones: aplicaciones 
300 |a 491 p 
942 |c BK 
945 |d 19881109 00:00:00 
260 |a Madrid  |b Dossat  |c 1983 
650 0 |a Vibración   |9 260216 
583 |a last modification  |c 19881109 00:00:00  |k Rodrigo Vera 
999 |c 212095  |d 212093 
952 |0 0  |1 0  |4 0  |6 531_320000000000000_THO_1983  |7 0  |8 A  |9 192499  |a BIBING  |b BIBING  |d 2019-11-14  |i 2599910  |o 531.32 THO 1983  |p 2599910  |r 2025-01-20  |w 2019-11-14  |y BK  |k CCL 
952 |0 0  |1 0  |4 0  |6 531_320000000000000_THO_1983  |7 0  |8 A  |9 192500  |a BIBMEC  |b BIBMEC  |d 2019-11-14  |i 2121328  |o 531.32 THO 1983  |p 2121328  |r 2019-11-14  |w 2019-11-14  |y BK  |k MEC 
952 |0 0  |1 0  |4 0  |6 531_320000000000000_THO_1983  |7 0  |8 A  |9 192501  |a BIBCUR  |b BIBCUR  |d 2019-11-14  |i 3180344  |o 531.32 THO 1983  |p 3180344  |r 2025-04-22  |w 2019-11-14  |y BK  |k FIS 
952 |0 0  |1 0  |4 0  |6 531_320000000000000_THO_1983  |7 0  |8 A  |9 192502  |a BIBCUR  |b BIBCUR  |d 2019-11-14  |i 4649141  |l 2  |m 1  |o 531.32 THO 1983  |p 4649141  |r 2025-04-22  |s 2024-08-23  |w 2019-11-14  |y BK  |k FIS